DCEM3 : métabolisme, nutrition (Record no. 17511)

MARC details
000 -LEADER
fixed length control field 00333 a2200157 4500
035 ## - SYSTEM CONTROL NUMBER
System control number 3895
100 ## - VEDETTE PRINCIPALE - NOM DE PERSONNE
Personal name Charbonnel
250 ## - EDITION STATEMENT
Edition statement 3ème éd.
245 ## - TITLE STATEMENT
Title DCEM3 : métabolisme, nutrition
260 ## - PUBLICATION, DISTRIBUTION, ETC. (IMPRINT)
Date of publication, distribution, etc 1987
300 ## - PHYSICAL DESCRIPTION
Extent 121 p.
700 ## - ADDED ENTRY--PERSONAL NAME
Personal name Guiller
Holdings
Withdrawn status Lost status Damaged status Not for loan Location (home branch) Sublocation or collection (holding branch) Date acquired Koha issues (times borrowed) Koha full call number Koha date last seen Price effective from Koha item type
        Bibliothèque Faculté des Sciences de la Santé Bibliothèque Faculté des Sciences de la Santé 27/02/2009   WB 400 CHA 27/02/2009 27/02/2009 Livre


© 2008, Bibliothèques de l'Université d'Abomey-Calavi

04 BP 789 Cotonou, Tél. : +229 21 36 01 01, Fax : +229 21 35 06 32

Courriel : bu@bu.uac.bj